| 000 | 01178nam a2200301 c 4500 | ||
|---|---|---|---|
| 003 | BLK | ||
| 005 | 20180420230959.0 | ||
| 008 | 180409b bul|||||r ||||||| ||bul|| | ||
| 010 | _aKNG00119931000 | ||
| 040 | _aBLK | ||
| 041 |
_aBUL _cBUL |
||
| 080 |
_aШивашка промишленост. Козметика _b687 _x(497.2) _z687(497.2) |
||
| 100 | 1 |
_aДонев, Русин _eпърви автор _9313289 |
|
| 139 |
_aДонев, Русин _bД 77 |
||
| 245 | 1 | 0 |
_aХората стават по-добри _bИз живота на бригадите за ком. труд в шивашкото предприятие България - Пловдив _cРусин Донев. |
| 257 | _aBGR | ||
| 260 |
_аСофия _bБКП _c1968 |
||
| 300 |
_a68 с. _bс ил. _c17 см |
||
| 380 | _a62 | ||
| 490 | 1 | _aПартиен опит | |
| 490 | 1 |
_3Подсерия _aПромишленост, строителство, транспорт _v1 |
|
| 650 | 4 |
_aШевна промишленост _9265942 |
|
| 852 | _aЦб І 9943 | ||
| 856 | 4 |
_qpdf _u |
|
| 856 | 4 |
_qpdf _u |
|
| 942 |
_cKNG _n0 |
||
| 944 |
_aCR _c20.10.2016 _kПравда_Бадева |
||
| 944 |
_aED _c20.10.2016 _kПравда_Бадева |
||
| 999 |
_c114500 _d114500 |
||